000 00500nam a2200133Ia 4500
008 160809s9999 xx 000 0 und d
100 _aVanSlette, Sarah.
245 _aBreaking the Rules | Exclusive and Aspirational: Teen Retailer Brandy Melville Uses the Country Club Approach to Brand Promotion
245 _cSarah VanSlette & Damion Waymer.
260 _bCase Studies in Strategic Communication
260 _c2016
650 _xCOMMUNICATION
856 _uhttp://cssc.uscannenberg.org/cases/v5/
999 _c299996
_d299996